[Event "only players under 2000"]
[Site "SchemingMind.com"]
[Date "2018.06.29"]
[Round "-"]
[White "spoke"]
[Black "Holty"]
[Result "1-0"]
[WhiteCountry "GER"]
[BlackCountry "ENG"]
[WhiteElo "1806"]
[WhiteRD "70"]
[BlackElo "1736"]
[BlackRD "59"]
[GameID "429875"]

1. e4 c5 2. Nf3 Nc6 3. d4 cxd4 4. Nxd4 Nf6 5. Nc3 d6 6. Be2 g6 7. O-O Bg7 8. Be3 a6 9. Qd2 Bd7 10. a3 O-O
11. f4 Ng4 12. Nxc6 bxc6 13. Bd4 e5 14. fxe5 dxe5 15. Bc5 Re8 16. h3 Nf6 17. Bc4 Qc8 18. Rad1 Bxh3 19. gxh3 Qxh3 20. Qg2 Qxg2+
21. Kxg2 Nd7 22. Rxd7
1-0

[Event "only players under 2000"]
[Site "SchemingMind.com"]
[Date "2018.06.29"]
[Round "-"]
[White "Holty"]
[Black "spoke"]
[Result "0-1"]
[WhiteCountry "ENG"]
[BlackCountry "GER"]
[WhiteElo "1736"]
[WhiteRD "59"]
[BlackElo "1806"]
[BlackRD "70"]
[GameID "429876"]

1. d4 Nf6 2. Nf3 e6 3. c4 c5 4. d5 exd5 5. cxd5 d6 6. Nc3 g6 7. Bf4 Bg7 8. Qa4+ Bd7 9. Qb3 Qc7 10. e4 O-O
11. Be2 a6 12. a4 Re8 13. Qc2 a5 14. O-O Na6 15. Bxa6 bxa6 16. Rfe1 Nh5 17. Bd2 Rab8 18. b3 Bg4 19. Qd3 Rxb3 20. h3 Bxf3
21. Qxf3 Reb8 22. Rab1 Rxb1 23. Rxb1 Rxb1+ 24. Nxb1 Qb6 25. Qd1 c4 26. Qc2 Ng3 27. Be3 Bd4 28. Bxd4 Qxd4 29. Kh2 Nxe4 30. f3 Nf6
31. Nc3 Nxd5 32. Ne2 Qc5 33. Ng3 Nb4 34. Qe4 Kf8 35. Qa8+ Kg7 36. Ne4 Qe5+ 37. g3 d5 38. Nc5 Qe2+ 39. Kg1 Qe3+
0-1

[Event "only players under 2000"]
[Site "SchemingMind.com"]
[Date "2018.07.05"]
[Round "-"]
[White "Greg Magne"]
[Black "Thomas Jacob Kelly"]
[Result "1-0"]
[WhiteCountry "CAN"]
[BlackCountry "USA"]
[WhiteElo "1665"]
[WhiteRD "82"]
[BlackElo "1669"]
[BlackRD "76"]
[GameID "430042"]

1. e4 c5 2. Nf3 Nc6 3. d4 cxd4 4. Nxd4 e6 5. c4 a6 6. Nc3 Bc5 7. Nb3 b6 8. Nxc5 bxc5 9. Be3 d6 10. Be2 Rb8
11. b3 Nge7 12. O-O Bb7 13. Qd2 Qc7 14. Kh1 Rd8 15. f4 g6 16. f5 Nc8 17. fxe6 fxe6 18. Bg5 Rd7 19. Bg4 Nd4 20. Bf6 Rf8
21. Bxd4 cxd4 22. Qxd4 e5 23. Qe3 Rdf7 24. Rxf7 Qxf7 25. Nd5 h5 26. Bf3 Bxd5 27. cxd5 Qg7 28. Rc1 Kd7 29. Qc3 Ke7 30. Qa5 Qh6
31. Rc7+ Kf6 32. Qxa6 Qh8 33. h4 Rd8 34. Qb7 Qf8 35. Qc6 g5 36. Bxh5
1-0

[Event "only players under 2000"]
[Site "SchemingMind.com"]
[Date "2018.07.04"]
[Round "-"]
[White "Thomas Jacob Kelly"]
[Black "Greg Magne"]
[Result "0-1"]
[WhiteCountry "USA"]
[BlackCountry "CAN"]
[WhiteElo "1669"]
[WhiteRD "76"]
[BlackElo "1665"]
[BlackRD "82"]
[GameID "430043"]

1. e4 c5 2. Nf3 d6 3. d4 cxd4 4. Nxd4 Nf6 5. Nc3 a6 6. Bc4 e6 7. O-O b5 8. Bb3 Bb7 9. f3 Be7 10. Bxe6 fxe6
11. Nxe6 Qd7 12. Nxg7+ Kf7 13. Nf5 Re8 14. Bf4 d5 15. Nh6+ Kg6 16. e5 Nh5 17. Be3 Bf8 18. Qd3+ Kg7 19. g4 Rxe5 20. gxh5 Rxh5
21. Kh1 Rxh6 22. Rg1+ Rg6 23. Rxg6+ hxg6 24. Ne2 Qf5 25. Qd4+ Kh7 26. Kg2 Nd7 27. b4 Bd6 28. Rh1 Qxc2 29. Bd2 Be5 30. Qh4+ Kg8
31. Qg5 d4 32. h4 Rf8 33. Ng1 Bf4
0-1

[Event "only players under 2000"]
[Site "SchemingMind.com"]
[Date "2018.07.28"]
[Round "-"]
[White "Daryl Fouard"]
[Black "ray winteringham"]
[Result "1-0"]
[WhiteCountry "USA"]
[BlackCountry "ENG"]
[WhiteElo "1874"]
[WhiteRD "104"]
[BlackElo "1491"]
[BlackRD "55"]
[GameID "430731"]

1. e4 e5 2. f4 exf4 3. Bc4 Bc5 4. d4 Qh4+ 5. Kf1 Be7 6. Nf3 Qf6 7. Nc3 g6 8. Nd5 Qg7 9. Nxc7+ Kd8 10. Bxf4 d6
11. Nxa8 Nf6 12. Qd2 b6 13. Ng5 Bb7 14. Nxb6 axb6 15. Nxf7+ Ke8 16. Nxh8 Qxh8 17. Qb4 d5 18. Qxb6 Nxe4 19. Qxb7 Qxd4 20. Qxb8+ Kf7
21. Bxd5+ Kf6 22. Be5+ Qxe5 23. Qxe5+ Kxe5 24. Bxe4
1-0

[Event "only players under 2000"]
[Site "SchemingMind.com"]
[Date "2018.07.29"]
[Round "-"]
[White "ray winteringham"]
[Black "Daryl Fouard"]
[Result "0-1"]
[WhiteCountry "ENG"]
[BlackCountry "USA"]
[WhiteElo "1491"]
[WhiteRD "55"]
[BlackElo "1874"]
[BlackRD "104"]
[GameID "430732"]

1. e4 d5 2. exd5 Nf6 3. g3 Qxd5 4. f3 Nc6 5. Bg2 e5 6. Qe2 Nd4 7. Qd1 Bf5 8. d3 Bc5 9. Nc3 Bb4 10. Bd2 Qc5
11. a3 Bxc3 12. Bxc3 Nd5 13. Bxd4 Qxd4 14. Rb1 Ne3 15. Qe2 Nxc2+ 16. Qxc2 Bxd3 17. Ne2 Bxc2 18. Nxd4 Bxb1 19. Nb5 O-O 20. O-O Bd3
0-1

[Event "only players under 2000"]
[Site "SchemingMind.com"]
[Date "2018.07.31"]
[Round "-"]
[White "Scooter"]
[Black "Clive Everill"]
[Result "1-0"]
[WhiteCountry "USA"]
[BlackCountry "CZE"]
[WhiteElo "1718"]
[WhiteRD "78"]
[BlackElo "1729"]
[BlackRD "60"]
[GameID "430853"]

1. d4 f5 2. Nf3 Nf6 3. Bf4 e6 4. e3 b6 5. Be2 Bb7 6. O-O Be7 7. Nbd2 O-O 8. h3 Nc6 9. Ne5 Nb4 10. a3 Nbd5
11. Bg5 c6 12. c4 Nc7 13. b4 d6 14. Nef3 Ne4 15. Nxe4 fxe4 16. Bxe7 Qxe7 17. Nd2 d5 18. c5 Ba6 19. Bxa6 Nxa6 20. Qa4 Qb7
21. Rab1 Nc7 22. Qb3 b5 23. Qd1 Ne8 24. Qg4 Qf7 25. f4 Nf6 26. Qd1 Nh5 27. a4 a6 28. axb5 axb5 29. Nb3 Ra2 30. Rf2 Rxf2
31. Kxf2 g6 32. Ra1 Qb7 33. Na5 Qc7 34. Qg4 Kf7 35. Qg5 Nf6 36. Qh6 Rh8 37. g4 Ng8 38. Qg5 h5 39. Nxc6 Qxc6 40. Ra7+ Kf8
41. Qxg6 hxg4 42. Qf7#
1-0

[Event "only players under 2000"]
[Site "SchemingMind.com"]
[Date "2018.07.30"]
[Round "-"]
[White "Clive Everill"]
[Black "Scooter"]
[Result "1-0"]
[WhiteCountry "CZE"]
[BlackCountry "USA"]
[WhiteElo "1723"]
[WhiteRD "61"]
[BlackElo "1704"]
[BlackRD "73"]
[GameID "430854"]

1. e4 c6 2. d4 d5 3. f3 dxe4 4. fxe4 Nf6 5. Nc3 Bg4 6. Be2 Bxe2 7. Ngxe2 e6 8. O-O Be7 9. e5 Nd5 10. Ne4 O-O
11. c4 Nc7 12. N2g3 h6 13. Qg4 Bg5 14. Bxg5 hxg5 15. Nxg5
1-0

[Event "only players under 2000"]
[Site "SchemingMind.com"]
[Date "2018.07.31"]
[Round "-"]
[White "spoke"]
[Black "jolasebabes"]
[Result "0-1"]
[WhiteCountry "GER"]
[BlackCountry "POR"]
[WhiteElo "1820"]
[WhiteRD "69"]
[BlackElo "2101"]
[BlackRD "78"]
[GameID "430950"]

1. e4 e5 2. Nf3 Nc6 3. Bc4 Nf6 4. Ng5 d5 5. exd5 Na5 6. Bb5+ c6 7. dxc6 bxc6 8. Be2 h6 9. Nh3 Nb7 10. Ba6 Rb8
11. Qf3 Bd6 12. Nc3 O-O 13. d3 Bg4 14. Qxc6 Na5 15. Qa4 Rb4
0-1

[Event "only players under 2000"]
[Site "SchemingMind.com"]
[Date "2018.08.01"]
[Round "-"]
[White "Robert Hatfield"]
[Black "dadshane2000"]
[Result "1/2-1/2"]
[WhiteCountry "USA"]
[BlackCountry "USA"]
[WhiteElo "1925"]
[WhiteRD "75"]
[BlackElo "1907"]
[BlackRD "97"]
[GameID "430972"]

1. c4 g6 2. d4 Nf6 3. Nc3 Bg7 4. e4 d6 5. f4 O-O 6. Nf3 c5 7. d5 e6 8. dxe6 fxe6 9. e5 dxe5 10. Nxe5 Qxd1+
11. Kxd1 a6 12. Kc2 Nbd7 13. Nd3 b6 14. Be2 Bb7 15. Rg1 Ne4 16. Nxe4 Bxe4 17. Be3 Rad8 18. Rad1 e5 19. g3 Bh6 20. Kb3 exf4
21. gxf4 Bxd3 22. Rxd3 Nf6 23. Rgd1 Rxd3+ 24. Rxd3 Re8 25. Bf3 Ne4 26. Bc1 Nf2 27. Re3 Rxe3+ 28. Bxe3 Nd3 29. Kc3 Nxf4 30. Bxf4 Bxf4
31. h3 Be5+ 32. Kc2 Kf7 33. Bb7 a5 34. b3 Kf6 35. Bc8 Kg5 36. Kd3 Kf4 37. Be6 g5 38. Bg4 h6= 39. Bh5 Kg3 40. Bg4 Kh4
41. Ke4 Bb2 42. Kf5 h5 43. Bf3 g4 44. hxg4= hxg4 45. Bxg4 Kg3 46. Bh5 Ba3 47. Ke4 Kf2 48. Kd3 Ke1 49. Kc2 Bb4=
1/2-1/2

[Event "only players under 2000"]
[Site "SchemingMind.com"]
[Date "2018.08.02"]
[Round "-"]
[White "dadshane2000"]
[Black "Robert Hatfield"]
[Result "1-0"]
[WhiteCountry "USA"]
[BlackCountry "USA"]
[WhiteElo "1947"]
[WhiteRD "90"]
[BlackElo "1886"]
[BlackRD "75"]
[GameID "430973"]

1. e4 e6 2. d4 d5 3. Nc3 Bb4 4. e5 c5 5. Qg4 Ne7 6. dxc5 Nbc6 7. Bd2 O-O 8. O-O-O f5 9. exf6 Rxf6 10. Bd3 e5
11. Qh4 Bf5 12. Bg5 Rf7 13. Bxf5 Rxf5 14. Nxd5 Rxg5 15. Nxb4
1-0

[Event "only players under 2000"]
[Site "SchemingMind.com"]
[Date "2018.08.11"]
[Round "-"]
[White "Daryl Fouard"]
[Black "Greg Magne"]
[Result "0-1"]
[WhiteCountry "USA"]
[BlackCountry "CAN"]
[WhiteElo "1792"]
[WhiteRD "100"]
[BlackElo "1684"]
[BlackRD "81"]
[GameID "431213"]

1. e4 c5 2. Ne2 Nc6 3. Nbc3 e6 4. d4 d5 5. exd5 exd5 6. Be3 Bg4 7. dxc5 Nf6 8. Qd3 Be7 9. h3 Bh5 10. Nf4 Bg6
11. Nxg6 hxg6 12. Rd1 Qa5 13. Bd2 O-O-O 14. Nxd5 Qxa2 15. Nxe7+ Nxe7 16. Qc4 Qxb2 17. Qxf7 Rhe8 18. Be2 Nf5 19. Qb3 Qe5 20. Qc4 Nd4
21. Be3 Nxe2 22. Rxd8+ Rxd8 23. Kxe2 Nd5 24. Qg4+ Kb8 25. Re1 Ka8 26. Kf1 Qh2 27. Qg5 Qh1+ 28. Ke2 Nc3+ 29. Kf3 Rf8+ 30. Kg4 Qxe1
31. c6 Qe2+ 32. f3 Qxg2+ 33. Kh4 Rh8+
0-1

[Event "only players under 2000"]
[Site "SchemingMind.com"]
[Date "2018.08.10"]
[Round "-"]
[White "Greg Magne"]
[Black "Daryl Fouard"]
[Result "1-0"]
[WhiteCountry "CAN"]
[BlackCountry "USA"]
[WhiteElo "1684"]
[WhiteRD "81"]
[BlackElo "1792"]
[BlackRD "100"]
[GameID "431214"]

1. e4 d5 2. exd5 Nf6 3. d4 Bg4 4. Be2 Bxe2 5. Nxe2 Qxd5 6. Nbc3 Qxg2 7. Rg1 Qc6 8. Bf4 Nbd7 9. Qd3 O-O-O 10. O-O-O Nc5
11. Qg3 Nce4 12. Qe3 g5 13. Be5 h6 14. d5 Qe8 15. f4 Nxc3 16. Qxc3 Qd7 17. d6 c6 18. dxe7 Nd5 19. exd8=Q+ Qxd8 20. Rxd5 Qxd5
21. Bxh8 Bc5 22. Re1 Qd6 23. fxg5 Bb4 24. Qh3+ Kc7 25. Rd1 Qe7 26. Nd4 Qxg5+ 27. Kb1 Qd8 28. Ne6+ fxe6 29. Rxd8 Kxd8 30. Qxe6 h5
31. Bf6+ Kc7 32. Be5+
1-0

[Event "only players under 2000"]
[Site "SchemingMind.com"]
[Date "2018.08.30"]
[Round "-"]
[White "jolasebabes"]
[Black "thefriediceman"]
[Result "1-0"]
[WhiteCountry "POR"]
[BlackCountry "USA"]
[WhiteElo "2185"]
[WhiteRD "69"]
[BlackElo "2012"]
[BlackRD "106"]
[GameID "431923"]

1. e4 e6 2. d4 d5 3. Nc3 Nf6 4. e5 Nfd7 5. f4 c5 6. Nf3 Nc6 7. Be3 Qb6 8. Na4 Qa5+ 9. c3 cxd4 10. b4 Qc7
11. Nxd4 a6 12. Qd2 b5 13. Nb2 Nb6 14. a4 Nc4 15. Nxc4 bxc4 16. Be2 Be7 17. O-O O-O 18. Nxc6 Qxc6 19. a5 Bd7 20. Bd1 Qb7
21. Bc2 Rfe8 22. g4 Bf8 23. Bd4 g6 24. h4 Bg7 25. h5 Bb5 26. Rae1 Qd7 27. f5 Ba4 28. Bxa4 Qxa4 29. f6
1-0

[Event "only players under 2000"]
[Site "SchemingMind.com"]
[Date "2018.08.30"]
[Round "-"]
[White "thefriediceman"]
[Black "jolasebabes"]
[Result "0-1"]
[WhiteCountry "USA"]
[BlackCountry "POR"]
[WhiteElo "2042"]
[WhiteRD "108"]
[BlackElo "2146"]
[BlackRD "70"]
[GameID "431924"]

1. e4 e5 2. Nc3 Nc6 3. g3 Bc5 4. Bg2 Nf6 5. Nge2 a6 6. O-O d6 7. h3 O-O 8. d3 Be6 9. Kh2 d5 10. exd5 Nxd5
11. Ne4 Be7 12. f4 exf4 13. Nxf4 Nxf4 14. Bxf4 f5 15. Nc3 Bf6 16. Re1 Qd7 17. Qd2 Rae8 18. Nd1 Bd5 19. Bxd5+ Qxd5 20. Bxc7 Nd4
0-1

[Event "only players under 2000"]
[Site "SchemingMind.com"]
[Date "2018.10.26"]
[Round "-"]
[White "Greg Magne"]
[Black "Abstract Actuary"]
[Result "0-1"]
[WhiteCountry "CAN"]
[BlackCountry "USA"]
[WhiteElo "1756"]
[WhiteRD "79"]
[BlackElo "1899"]
[BlackRD "79"]
[GameID "433949"]

1. d4 Nf6 2. c4 d6 3. Nc3 g6 4. e4 Bg7 5. Nf3 c5 6. Be3 cxd4 7. Bxd4 Nc6 8. Be3 O-O 9. Be2 b6 10. O-O Bb7
11. a3 Rc8 12. Rc1 Qd7 13. Qc2 Rfd8 14. Rfd1 Ng4 15. Bg5 Nce5 16. Nd5 f6 17. Bh4 Nxf3+ 18. Bxf3 Ne5 19. Be2 b5 20. Qb3 bxc4
21. Bxc4 Nxc4 22. Rxc4 g5 23. Bg3 Rb8 24. Qc2 Rdc8 25. Rxc8+ Rxc8 26. Qb3 Kf8 27. h3 f5 28. exf5 Bxd5 29. Qxd5 Bxb2 30. h4 h6
31. f6 Bxf6 32. hxg5 Bxg5 33. Rd3 Rc5 34. Rf3+ Bf6 35. Qa8+ Kg7 36. Qe4 h5 37. Bf4 Rc3 38. Be3 d5 39. Rg3+ Kf7 40. Qh7+ Ke6
41. Qxh5 d4 42. Qg4+ Kd6 43. Bxd4 Qxg4 44. Rxg4 Rxa3 45. Bxf6 exf6 46. Rg8 Kc7 47. Rf8 Ra6 48. Rf7+ Kd8 49. Rf8+ Ke7 50. Ra8 Kd7
51. g4 Kc7 52. Kg2 Kb7 53. Rf8 Rc6 54. Rf7+ Kb6 55. f4 a5 56. Kg3 a4 57. Re7 Kb5 58. g5 fxg5 59. fxg5 a3 60. Ra7 Ra6
0-1

[Event "only players under 2000"]
[Site "SchemingMind.com"]
[Date "2018.10.25"]
[Round "-"]
[White "Abstract Actuary"]
[Black "Greg Magne"]
[Result "1-0"]
[WhiteCountry "USA"]
[BlackCountry "CAN"]
[WhiteElo "1909"]
[WhiteRD "75"]
[BlackElo "1732"]
[BlackRD "79"]
[GameID "433950"]

1. e4 e6 2. d4 d5 3. Nd2 c5 4. c3 Nc6 5. Ngf3 Nf6 6. Bd3 cxd4 7. cxd4 dxe4 8. Nxe4 Be7 9. O-O O-O 10. Be3 b6
11. Rc1 Bb7 12. Nfg5 h6 13. Nxf6+ Bxf6 14. Nh7 Bxd4 15. Bxd4 Qxd4 16. Nxf8 Kxf8 17. Bb5 Qxd1 18. Rfxd1 Ne5 19. Rc7 Bd5 20. a3 Ng6
21. Bc6 Bxc6 22. Rxc6 Ne5 23. Rc7 a6 24. f4 Ng4 25. Rdd7
1-0

[Event "only players under 2000"]
[Site "SchemingMind.com"]
[Date "2018.11.22"]
[Round "-"]
[White "John Hamer"]
[Black "dadshane2000"]
[Result "1-0"]
[WhiteCountry "ENG"]
[BlackCountry "USA"]
[WhiteElo "2005"]
[WhiteRD "68"]
[BlackElo "1824"]
[BlackRD "89"]
[GameID "434872"]

1. d4 Nf6 2. c4 g6 3. f3 c5 4. dxc5 e6 5. Be3 b6 6. cxb6 axb6 7. Bg5 Bg7 8. Nc3 O-O 9. e4 Nc6 10. Nge2 Qc7
11. Rc1 h6 12. Be3 Bb7 13. Nb5 Qe5 14. Nec3 Ra6 15. Bd3 Nb4 16. Bb1 d5 17. a3 Nc6 18. f4 Qb8 19. cxd5 exd5 20. exd5 Na5
21. O-O Nc4 22. Bd4 Rd8 23. Qe2 Nd6 24. Be5 Nfe8 25. Bd3 Qa8 26. Qe3 Nxb5 27. Bxb5 Ra5 28. Qxb6 Bxd5 29. Rfd1
1-0

[Event "only players under 2000"]
[Site "SchemingMind.com"]
[Date "2018.11.21"]
[Round "-"]
[White "dadshane2000"]
[Black "John Hamer"]
[Result "1/2-1/2"]
[WhiteCountry "USA"]
[BlackCountry "ENG"]
[WhiteElo "1824"]
[WhiteRD "89"]
[BlackElo "2005"]
[BlackRD "68"]
[GameID "434873"]

1. e4 e5 2. Nf3 Nc6 3. Bb5 a6 4. Ba4 f5 5. d4 exd4 6. e5 Bc5 7. O-O Nge7 8. Bb3 d5 9. exd6 Qxd6 10. Re1 Bd7
11. Ng5 Rf8 12. Nd2 Qg6 13. Ne6 Bxe6 14. Rxe6 Rf6 15. Rxf6 gxf6 16. Nf3 Qg7 17. Be6 Ne5 18. Nxe5 fxe5 19. Qh5+ Ng6 20. Bxf5 Bd6
21. Bg5 Kf7 22. Qf3 Nf4 23. Bxf4 exf4 24. Re1 Rb8 25. Qh5+ Kg8 26. Re8+ Rxe8 27. Qxe8+ Bf8 28. Qe4 Bd6=
1/2-1/2

[Event "only players under 2000"]
[Site "SchemingMind.com"]
[Date "2019.01.04"]
[Round "-"]
[White "Abstract Actuary"]
[Black "jolasebabes"]
[Result "0-1"]
[WhiteCountry "USA"]
[BlackCountry "POR"]
[WhiteElo "1794"]
[WhiteRD "84"]
[BlackElo "2156"]
[BlackRD "82"]
[GameID "436594"]

1. e4 e5 2. Nf3 Nc6 3. c3 d5 4. Qa4 f6 5. Bb5 Ne7 6. exd5 Qxd5 7. O-O Bd7 8. d4 exd4 9. Rd1 O-O-O 10. Nxd4 Nxd4
11. Bxd7+ Qxd7 12. Qxd4 Qxd4 13. Rxd4 Rxd4 14. cxd4 Nf5 15. Be3 Bb4 16. Nc3 h5 17. h3 h4 18. Nd5 Ba5 19. b4 Bb6 20. Nxb6+ axb6
21. Rc1 Kd7 22. Kf1 Ra8 23. Rc2 Ra4 24. Rb2 Nd6 25. b5 Nc4 26. Rc2 Rb4 27. Bf4 Nd6 28. Ke2 Nxb5 29. Ke3 c6 30. Rd2 Nc3
31. Bh2 Ra4 32. Kf3 Rxa2 33. Rxa2 Nxa2 34. Bf4 Nc3 35. Bd2 Nd5 36. Kg4 g5 37. f4 Nxf4 38. Bxf4 gxf4 39. Kxh4 b5 40. Kg4 b4
0-1

[Event "only players under 2000"]
[Site "SchemingMind.com"]
[Date "2019.01.06"]
[Round "-"]
[White "jolasebabes"]
[Black "Abstract Actuary"]
[Result "1-0"]
[WhiteCountry "POR"]
[BlackCountry "USA"]
[WhiteElo "2144"]
[WhiteRD "80"]
[BlackElo "1810"]
[BlackRD "81"]
[GameID "436595"]

1. e4 d6 2. d4 Nf6 3. Nc3 g6 4. f4 Bg7 5. Nf3 c5 6. dxc5 Qa5 7. Bd3 Qxc5 8. Qe2 Nc6 9. Be3 Qb4 10. O-O Qxb2
11. Nb5 O-O 12. Rfb1 Qxa1 13. Rxa1 Nxe4 14. Re1 Nc3 15. Nxc3 Bxc3 16. Bd2 Bg7 17. Bc4 Bg4 18. h3 Nd4 19. Qxe7 Bxf3 20. gxf3 Nxf3+
21. Kh1 Nxd2 22. Bd5 Bc3 23. Qxb7 Nc4 24. Re7 Na5 25. Qd7 Rab8 26. Bxf7+ Kh8 27. Bd5
1-0

[Event "only players under 2000"]
[Site "SchemingMind.com"]
[Date "2019.03.13"]
[Round "-"]
[White "Hisjazzrabbit"]
[Black "Scooter"]
[Result "0-1"]
[WhiteCountry "FRA"]
[BlackCountry "USA"]
[WhiteElo "1372"]
[WhiteRD "97"]
[BlackElo "1684"]
[BlackRD "96"]
[GameID "439305"]

1. e4 c6 2. d4 d5 3. e5 Bf5 4. Bd3 Bxd3 5. Qxd3 e6 6. Nf3 Nd7 7. Nc3 c5 8. Nb5 c4 9. Qd1 Qa5+ 10. c3 Qxb5
11. O-O Ne7 12. b3 Nf5 13. a4 Qxb3 14. Qxb3 cxb3 15. Rb1 Nb6 16. Rxb3 Nxa4 17. Ba3 Bxa3 18. Rxa3 Nb6 19. Nd2 O-O 20. g3 Rfc8
21. Nb1 Rc6 22. Nd2 Nc4 23. Nxc4 Rxc4 24. Rb3 b6 25. Ra1 g6
0-1

[Event "only players under 2000"]
[Site "SchemingMind.com"]
[Date "2019.03.14"]
[Round "-"]
[White "Scooter"]
[Black "Hisjazzrabbit"]
[Result "1-0"]
[WhiteCountry "USA"]
[BlackCountry "FRA"]
[WhiteElo "1684"]
[WhiteRD "96"]
[BlackElo "1372"]
[BlackRD "97"]
[GameID "439306"]

1. d4 Nf6 2. Nf3 d5 3. c4 e6 4. Bg5 Be7 5. e3 Nbd7 6. Nc3 O-O 7. Bd3 c5 8. cxd5 exd5 9. O-O a6 10. Bf5 Bd6
11. Nxd5 b5 12. dxc5 Bxc5 13. Nxf6+ Nxf6 14. Qxd8 Rxd8 15. Bxc8 Raxc8 16. Bxf6 gxf6 17. Rac1 Bb6 18. Rfd1 Rxd1+ 19. Rxd1 Rc2 20. Rb1 h6
21. Kf1 Ba7 22. Ke1 Bb6 23. Nd4
1-0

[Event "only players under 2000"]
[Site "SchemingMind.com"]
[Date "2019.09.23"]
[Round "-"]
[White "John Hamer"]
[Black "jolasebabes"]
[Result "0-1"]
[WhiteCountry "ENG"]
[BlackCountry "POR"]
[WhiteElo "2006"]
[WhiteRD "72"]
[BlackElo "2202"]
[BlackRD "86"]
[GameID "446241"]

1. f3 d5 2. d4 c5 3. c3 Nc6 4. dxc5 Nf6 5. b4 e5 6. e4 Be6 7. b5 Na5 8. Be3 Rc8 9. Nd2 Bxc5 10. Bxc5 Rxc5
11. Rc1 O-O 12. exd5 Nxd5 13. Ne4 Rc7 14. c4 Ne3 15. Qxd8 Rxd8 16. Kf2 Rd1 17. Rxd1 Nxd1+ 18. Ke1 Ne3 19. c5 f5 20. b6 axb6
21. Ng5 Bxa2 22. cxb6 Rc2 23. Ne2 Bc4 24. Kf2 f4 25. g3 h6 26. Ne4 Nxf1 27. Nc3= Ne3 28. Re1 Nb3 29. gxf4 exf4 30. Kg1 Nf5
31. Kh1 Nfd4 32. Nxd4 Nxd4 33. Re8+ Kh7
0-1

[Event "only players under 2000"]
[Site "SchemingMind.com"]
[Date "2019.09.23"]
[Round "-"]
[White "jolasebabes"]
[Black "John Hamer"]
[Result "1-0"]
[WhiteCountry "POR"]
[BlackCountry "ENG"]
[WhiteElo "2202"]
[WhiteRD "86"]
[BlackElo "2006"]
[BlackRD "72"]
[GameID "446242"]

1. d4 Nf6 2. c4 e5 3. dxe5 Ne4 4. a3 Nc6 5. Nf3 d6 6. Qc2 Bf5 7. Nc3 Nxc3 8. Qxf5 Na4 9. exd6 Bxd6 10. Qc2 Nc5
11. b4 Ne6 12. Bb2 O-O 13. e3 Qe8 14. Bd3 g6 15. O-O Ng7 16. c5 Be7 17. Qc3 f6 18. Bc4+ Kh8 19. Rad1 Rb8 20. Rfe1 b6
21. cxb6 Rxb6 22. b5 Nd8 23. a4 Bc5 24. e4 Nde6 25. e5 Be7 26. a5 Rb7 27. exf6 Bxf6 28. Qxf6 Rxf6 29. Bxf6 Kg8 30. Ng5 Kf8
31. Nxe6+ Nxe6 32. Rxe6 Rb8 33. Rxe8+
1-0